Real-time multilingual music analysis system / (Record no. 234616)

MARC details
000 -LEADER
fixed length control field 00566nam a22001697a 4500
003 - CONTROL NUMBER IDENTIFIER
control field OSt
005 - DATE AND TIME OF LATEST TRANSACTION
control field 20250711100158.0
008 - FIXED-LENGTH DATA ELEMENTS--GENERAL INFORMATION
fixed length control field 250711b |||||||| |||| 00| 0 eng d
040 ## - CATALOGING SOURCE
Transcribing agency AIMIT LIBRARY
100 ## - MAIN ENTRY--PERSONAL NAME
Personal name Ballal, Saketh.
Relator term 222117
9 (RLIN) 218133
245 ## - TITLE STATEMENT
Title Real-time multilingual music analysis system /
Statement of responsibility, etc. By Saketh Ballal.
260 ## - PUBLICATION, DISTRIBUTION, ETC.
Place of publication, distribution, etc. Mangalore ;
Date of publication, distribution, etc. 2024.
700 ## - ADDED ENTRY--PERSONAL NAME
Personal name Shetty, Annapoorna.
Relator term Mentor
9 (RLIN) 218134
700 ## - ADDED ENTRY--PERSONAL NAME
Personal name N, Hemalatha.
Relator term Guide
9 (RLIN) 218135
856 ## - ELECTRONIC LOCATION AND ACCESS
Materials specified Accolade Tech Solutions Pvt Limited, Mangalore
Uniform Resource Identifier <a href="www.accoladetechsolutions.com">www.accoladetechsolutions.com</a>
942 ## - ADDED ENTRY ELEMENTS (KOHA)
Source of classification or shelving scheme Dewey Decimal Classification
Koha item type Project Report
Holdings
Withdrawn status Lost status Source of classification or shelving scheme Damaged status Not for loan Collection code Home library Current library Date acquired Total Checkouts Barcode Date last seen Copy number Uniform Resource Identifier Price effective from Koha item type
    Dewey Decimal Classification   Not for loan Project Report M.Sc. Data Science St Aloysius Institute of Management & Information Technology St Aloysius Institute of Management & Information Technology 07/30/2024   PDS00017 07/11/2025 222117 www.accoladetechsolutions.com 07/11/2025 Project Report